| 000 | 01073nam0a22002411i 4500 | ||
|---|---|---|---|
| 001 | rc\3560976 | ||
| 005 | 20240723220451.0 | ||
| 021 |
_aRU _b[76-12374а] |
||
| 035 | _a(NLR Aleph) 007685691 | ||
| 090 |
_a6586455 _c6586455 |
||
| 100 | _a20130115d1976 |||y0rusy50 ca | ||
| 101 | 0 | _arus | |
| 102 | _aRU | ||
| 105 | _ay d ||||| | ||
| 200 | 1 |
_aБуржуазные теории и практика привлечения населения к борьбе с преступностью _e(Критич. анализ) _eАвтореф. дис. на соиск. учен. степени канд. юрид. наук _e(12.00.07) _fВсесоюз. ин-т по изучению причин и разраб. мер предупреждения преступности |
|
| 210 |
_aМосква _d1976 |
||
| 215 | _a25 с. | ||
| 320 | _aСписок работ авт.: с. 24-25 (12 назв.) | ||
| 700 | 1 |
_aНежинская _bЛ.А. _gЛариса Александровна |
|
| 801 | 0 |
_aRU _bNLR _gpsbo |
|
| 801 | 1 |
_aRU _bELAR _2rusmarc |
|
| 852 |
_aNLR _j77-4/1352 |
||
| 942 | _cBOOK | ||